000
00320nam a22001337a 4500
008
171010b xxu||||| |||| 00| 0 eng d
020
_a
9780024084606
041
_a
eng
080
_a
316
100
_a
50
101
_a
SOC
245
_a
INGRANING LANGUAGE ARTS AND SOCIAL STUDIES
_c
ROBERTS.P.L
942
_2
udc
_c
BK
999
_c
32836
_d
32836